000 00337nam a2200133Ia 4500
008 150201s2014 xx 000 0 und d
082 _a617.645
_bP2011M
100 _aMUTHU, M.S.
245 _aPEDIATRIC DENTISTRY :PRINCIPLES & PRACTICE
250 _a2ND
260 _bELSEVIER PUBLICATION
650 _aPEDODONTICS
942 _2ddc
_cBK
_06
999 _c4831
_d4831